000
00333 a2200109 4500
001
ART_49506
005
20260410161745.0
008
260409a
245
1
0
_a
Los falsos autónomos en las empresas de plataformas digitales
100
1
_a
Duarte, David
773
0
_t
Doctrina laboral
_g
- N° 408 (ago. 2019)
_w
REV4049
999
_c
19116
_d
19116